000 00636nam a22001937a 4500
003 OSt
005 20260422084434.0
008 260422b |||||||| |||| 00| 0 eng d
020 _a978-971-821-077-2
040 _aDWCL Main Lib.
_cOC
082 _a301 Ap648 2006
100 _aCabalu, Danilo Hipolito et. al.
245 _aApplied sociology :
_ba modular approach (Textbook in General Sociology)/
_c Danilo Hipolito Cabalu, et. al.
260 _aValenzuela City :
_bMutya Publishng House,
_cc2006
300 _a240 p. ;
_c25 cm.
650 _a1. Anthropology.
650 _a2. Sociology.
942 _2ddc
_cBK - FIL
_hFil.
_n0
999 _c9737
_d9737